[Event "DVM U20 2023"]
[Site "Magdeburg GER"]
[Date "2023.12.28"]
[Round "3"]
[White "Mimkes, Antal"]
[Black "Fidlin, Simon"]
[Result "0-1"]
[Termination "normal"]
[Board "3.2"]
[WhiteElo "1823"]
[BlackElo "2122"]
[WhiteClock "00:02:35"]
[BlackClock "00:19:54"]
[WhiteTeam "KSV Rochade Göttingen (Veltheim)"]
[BlackTeam "Karlsruher SF 1853"]
[PlyCount "170"]
[WhiteFideId "16265963"]
[BlackFideId "16217535"]
[EventCountry "GER"]
[EventRounds "7"]
[EventType "team-swiss"]
[EventDate "2023.12.26"]

1. e4 {[%clk 01:29:58]} {[%emt 00:01:01]} c5 {[%clk 01:30:54]} {[%emt
00:00:07]} 2. Nf3 {[%clk 01:30:16]} {[%emt 00:00:13]} d6 {[%clk 01:31:18]}
{[%emt 00:00:06]} 3. d4 {[%clk 01:30:21]} {[%emt 00:00:23]} cxd4 {[%clk
01:31:42]} {[%emt 00:00:07]} 4. Nxd4 {[%clk 01:30:32]} {[%emt 00:00:20]} Nf6
{[%clk 01:32:05]} {[%emt 00:00:07]} 5. Nc3 {[%clk 01:30:56]} {[%emt 00:00:05]}
a6 {[%clk 01:32:18]} {[%emt 00:00:18]} 6. Rg1 {[%clk 01:28:31]} {[%emt
00:02:55]} e5 {[%clk 01:32:18]} {[%emt 00:00:30]} 7. Nb3 {[%clk 01:28:55]}
{[%emt 00:00:05]} h5 {[%clk 01:31:57]} {[%emt 00:00:53]} 8. h3 {[%clk
01:29:20]} {[%emt 00:00:05]} Be6 {[%clk 01:30:37]} {[%emt 00:01:49]} 9. g4
{[%clk 01:29:27]} {[%emt 00:00:22]} hxg4 {[%clk 01:29:23]} {[%emt 00:01:44]}
10. hxg4 {[%clk 01:29:47]} {[%emt 00:00:11]} d5 {[%clk 01:13:24]} {[%emt
00:16:29]} 11. exd5 {[%clk 01:30:10]} {[%emt 00:00:06]} Nxd5 {[%clk 01:13:49]}
{[%emt 00:00:06]} 12. Nxd5 {[%clk 01:30:35]} {[%emt 00:00:05]} Qxd5 {[%clk
01:14:11]} {[%emt 00:00:07]} 13. Qxd5 {[%clk 01:31:01]} {[%emt 00:00:05]} Bxd5
{[%clk 01:14:34]} {[%emt 00:00:07]} 14. Be3 {[%clk 01:31:17]} {[%emt 00:00:13]}
Nc6 {[%clk 01:07:35]} {[%emt 00:07:28]} 15. O-O-O {[%clk 01:23:09]} {[%emt
00:08:39]} Bf3 {[%clk 01:04:06]} {[%emt 00:03:59]} 16. Rd2 {[%clk 01:20:36]}
{[%emt 00:03:05]} Rd8 {[%clk 00:57:01]} {[%emt 00:07:33]} 17. Rxd8+ {[%clk
01:15:56]} {[%emt 00:05:10]} Kxd8 {[%clk 00:56:14]} {[%emt 00:01:16]} 18. Bc4
{[%clk 01:13:40]} {[%emt 00:02:47]} Ke8 {[%clk 00:42:53]} {[%emt 00:13:52]} 19.
Nd2 {[%clk 01:12:11]} {[%emt 00:01:59]} Bh1 {[%clk 00:40:11]} {[%emt 00:03:13]}
20. f3 {[%clk 01:04:20]} {[%emt 00:08:21]} Nd4 {[%clk 00:33:12]} {[%emt
00:07:29]} 21. Bxd4 {[%clk 01:00:47]} {[%emt 00:04:03]} exd4 {[%clk 00:33:34]}
{[%emt 00:00:07]} 22. Bd5 {[%clk 01:00:16]} {[%emt 00:01:02]} b6 {[%clk
00:32:55]} {[%emt 00:01:09]} 23. Nc4 {[%clk 00:54:22]} {[%emt 00:06:24]} Bc5
{[%clk 00:30:06]} {[%emt 00:03:18]} 24. Ne5 {[%clk 00:40:23]} {[%emt 00:14:30]}
Rh3 {[%clk 00:30:28]} {[%emt 00:00:07]} 25. Re1 {[%clk 00:34:10]} {[%emt
00:06:45]} Kd8 {[%clk 00:26:33]} {[%emt 00:04:23]} 26. Nxf7+ {[%clk 00:33:25]}
{[%emt 00:01:16]} Kc7 {[%clk 00:26:46]} {[%emt 00:00:16]} 27. Ng5 {[%clk
00:32:53]} {[%emt 00:01:03]} Rh2 {[%clk 00:26:23]} {[%emt 00:00:52]} 28. Be4
{[%clk 00:23:49]} {[%emt 00:09:35]} Kd7 {[%clk 00:22:18]} {[%emt 00:04:34]} 29.
Bf5+ {[%clk 00:18:42]} {[%emt 00:05:38]} Kc6 {[%clk 00:15:45]} {[%emt
00:07:02]} 30. Re6+ {[%clk 00:16:38]} {[%emt 00:02:35]} Kc7 {[%clk 00:14:14]}
{[%emt 00:02:00]} 31. Rg6 {[%clk 00:15:14]} {[%emt 00:01:55]} Rf2 {[%clk
00:14:03]} {[%emt 00:00:41]} 32. Rxg7+ {[%clk 00:15:10]} {[%emt 00:00:34]} Kc6
{[%clk 00:14:01]} {[%emt 00:00:31]} 33. Bd3 {[%clk 00:11:47]} {[%emt 00:03:54]}
Bb4 {[%clk 00:09:59]} {[%emt 00:04:32]} 34. Rg6+ {[%clk 00:09:49]} {[%emt
00:02:29]} Kd7 {[%clk 00:06:11]} {[%emt 00:04:17]} 35. Ne4 {[%clk 00:07:09]}
{[%emt 00:03:11]} Rg2 {[%clk 00:05:57]} {[%emt 00:00:43]} 36. c3 {[%clk
00:06:35]} {[%emt 00:01:05]} dxc3 {[%clk 00:06:16]} {[%emt 00:00:11]} 37. Nxc3
{[%clk 00:06:39]} {[%emt 00:00:26]} Rg1+ {[%clk 00:05:44]} {[%emt 00:01:02]}
38. Kc2 {[%clk 00:06:59]} {[%emt 00:00:11]} Bxf3 {[%clk 00:04:08]} {[%emt
00:02:03]} 39. Rxb6 {[%clk 00:06:29]} {[%emt 00:01:02]} a5 {[%clk 00:04:13]}
{[%emt 00:00:25]} 40. Rg6 {[%clk 00:04:57]} {[%emt 00:02:03]} Ke7 {[%clk
00:01:18]} {[%emt 00:03:25]} 41. g5 {[%clk 00:01:13]} {[%emt 00:04:14]} Bd6
{[%clk 00:27:32]} {[%emt 00:04:15]} 42. Rg7+ {[%clk 00:28:35]} {[%emt
00:03:08]} Ke6 {[%clk 00:26:26]} {[%emt 00:01:37]} 43. g6 {[%clk 00:27:16]}
{[%emt 00:01:50]} a4 {[%clk 00:26:17]} {[%emt 00:00:38]} 44. Bc4+ {[%clk
00:20:48]} {[%emt 00:07:00]} Ke5 {[%clk 00:25:59]} {[%emt 00:00:46]} 45. a3
{[%clk 00:12:37]} {[%emt 00:08:42]} Kd4 {[%clk 00:24:11]} {[%emt 00:02:17]} 46.
Bg8 {[%clk 00:11:28]} {[%emt 00:01:39]} Ke3 {[%clk 00:22:49]} {[%emt 00:01:52]}
47. Bh7 {[%clk 00:07:10]} {[%emt 00:04:47]} Bg4 {[%clk 00:22:23]} {[%emt
00:00:55]} 48. Rf7 {[%clk 00:03:15]} {[%emt 00:04:26]} Be6 {[%clk 00:22:46]}
{[%emt 00:00:06]} 49. Nd1+ {[%clk 00:03:44]} {[%emt 00:00:01]} Kd4 {[%clk
00:22:45]} {[%emt 00:00:30]} 50. Rf3 {[%clk 00:03:03]} {[%emt 00:01:13]} Bb3+
{[%clk 00:19:10]} {[%emt 00:04:05]} 51. Rxb3 {[%emt 00:00:19]} Rg2+ {[%clk
00:19:32]} {[%emt 00:00:07]} 52. Kb1 {[%clk 00:02:48]} {[%emt 00:00:57]} axb3
{[%clk 00:19:48]} {[%emt 00:00:14]} 53. Bg8 {[%clk 00:02:51]} {[%emt 00:00:27]}
Rg3 {[%clk 00:18:58]} {[%emt 00:01:20]} 54. g7 {[%clk 00:02:56]} {[%emt
00:00:25]} Be5 {[%clk 00:19:00]} {[%emt 00:00:27]} 55. Bxb3 {[%clk 00:03:12]}
{[%emt 00:00:15]} Bxg7 {[%clk 00:19:25]} {[%emt 00:00:05]} 56. Nc3 {[%clk
00:02:49]} {[%emt 00:00:51]} Rg1+ {[%clk 00:19:14]} {[%emt 00:00:42]} 57. Kc2
{[%clk 00:02:11]} {[%emt 00:01:09]} Rg2+ {[%clk 00:19:26]} {[%emt 00:00:18]}
58. Kb1 {[%clk 00:01:38]} {[%emt 00:01:02]} Kd3 {[%clk 00:19:42]} {[%emt
00:00:14]} 59. Na4 {[%clk 00:01:55]} {[%emt 00:00:13]} Kd2 {[%clk 00:19:30]}
{[%emt 00:00:42]} 60. Be6 {[%clk 00:01:23]} {[%emt 00:01:03]} Re2 {[%clk
00:18:52]} {[%emt 00:01:08]} 61. Bg8 {[%clk 00:01:38]} {[%emt 00:00:14]} Re8
{[%clk 00:17:40]} {[%emt 00:01:42]} 62. Bd5 {[%clk 00:01:34]} {[%emt 00:00:35]}
Bd4 {[%clk 00:16:57]} {[%emt 00:01:12]} 63. Bc6 {[%clk 00:00:55]} {[%emt
00:01:11]} Re6 {[%clk 00:16:42]} {[%emt 00:00:43]} 64. Bd7 {[%clk 00:01:16]}
{[%emt 00:00:09]} Re1+ {[%clk 00:16:43]} {[%emt 00:00:29]} 65. Ka2 {[%clk
00:01:40]} {[%emt 00:00:07]} Kc1 {[%clk 00:16:25]} {[%emt 00:00:47]} 66. Nc3
{[%clk 00:00:50]} {[%emt 00:01:21]} Bxc3 {[%clk 00:15:36]} {[%emt 00:01:19]}
67. bxc3 {[%clk 00:01:18]} {[%emt 00:00:02]} Kc2 {[%clk 00:15:58]} {[%emt
00:00:08]} 68. c4 {[%clk 00:00:56]} {[%emt 00:00:53]} Kc3 {[%clk 00:15:56]}
{[%emt 00:00:31]} 69. a4 {[%clk 00:00:39]} {[%emt 00:00:47]} Kxc4 {[%clk
00:16:11]} {[%emt 00:00:15]} 70. Bf5 {[%clk 00:00:43]} {[%emt 00:00:26]} Kb4
{[%clk 00:16:28]} {[%emt 00:00:13]} 71. Bb1 {[%clk 00:00:55]} {[%emt 00:00:18]}
Re2+ {[%clk 00:16:45]} {[%emt 00:00:14]} 72. Ka1 {[%clk 00:01:18]} {[%emt
00:00:07]} Kb3 {[%clk 00:16:31]} {[%emt 00:00:44]} 73. a5 {[%clk 00:01:22]}
{[%emt 00:00:26]} Re5 {[%clk 00:16:51]} {[%emt 00:00:09]} 74. Ba2+ {[%clk
00:01:29]} {[%emt 00:00:24]} Kc3 {[%clk 00:17:00]} {[%emt 00:00:20]} 75. Bb1
{[%clk 00:01:44]} {[%emt 00:00:15]} Rxa5+ {[%clk 00:16:55]} {[%emt 00:00:35]}
76. Ba2 {[%clk 00:02:13]} {[%emt 00:00:01]} Rb5 {[%clk 00:17:14]} {[%emt
00:00:10]} 77. Bb1 {[%clk 00:01:50]} {[%emt 00:00:55]} Kb3 {[%clk 00:17:36]}
{[%emt 00:00:07]} 78. Ba2+ {[%clk 00:02:14]} {[%emt 00:00:07]} Ka3 {[%clk
00:18:00]} {[%emt 00:00:05]} 79. Bf7 {[%clk 00:02:06]} {[%emt 00:00:39]} Rb2
{[%clk 00:18:18]} {[%emt 00:00:10]} 80. Be6 {[%clk 00:02:14]} {[%emt 00:00:23]}
Re2 {[%clk 00:18:38]} {[%emt 00:00:11]} 81. Bf5 {[%clk 00:02:42]} {[%emt
00:00:02]} Ra2+ {[%clk 00:18:42]} {[%emt 00:00:25]} 82. Kb1 {[%clk 00:03:08]}
{[%emt 00:00:05]} Rf2 {[%clk 00:19:08]} {[%emt 00:00:04]} 83. Bd3 {[%clk
00:01:57]} {[%emt 00:01:41]} Kb3 {[%clk 00:19:04]} {[%emt 00:00:32]} 84. Ka1
{[%clk 00:02:08]} {[%emt 00:00:20]} Ra2+ {[%clk 00:19:28]} {[%emt 00:00:04]}
85. Kb1 {[%clk 00:02:35]} {[%emt 00:00:05]} Rd2 {[%clk 00:19:54]} {[%emt
00:00:04]} 0-1

[Event "DVM U20 2023"]
[Site "Magdeburg GER"]
[Date "2023.12.28"]
[Round "3"]
[White "Koll, Linus"]
[Black "Mimkes, Pavel"]
[Result "0-1"]
[Termination "normal"]
[Board "3.3"]
[WhiteElo "2059"]
[BlackElo "1760"]
[WhiteClock "00:03:02"]
[BlackClock "00:04:20"]
[WhiteTeam "Karlsruher SF 1853"]
[BlackTeam "KSV Rochade Göttingen (Veltheim)"]
[PlyCount "152"]
[WhiteFideId "12990299"]
[BlackFideId "12990833"]
[EventCountry "GER"]
[EventRounds "7"]
[EventType "team-swiss"]
[EventDate "2023.12.26"]

1. e4 {[%clk 01:30:59]} {[%emt 00:00:03]} c5 {[%clk 01:30:52]} {[%emt
00:00:07]} 2. Nf3 {[%clk 01:31:26]} {[%emt 00:00:04]} d6 {[%clk 01:30:53]}
{[%emt 00:00:29]} 3. d4 {[%clk 01:31:52]} {[%emt 00:00:04]} cxd4 {[%clk
01:31:16]} {[%emt 00:00:07]} 4. Nxd4 {[%clk 01:32:19]} {[%emt 00:00:03]} Nf6
{[%clk 01:31:40]} {[%emt 00:00:06]} 5. Nc3 {[%clk 01:32:45]} {[%emt 00:00:04]}
a6 {[%clk 01:32:05]} {[%emt 00:00:04]} 6. h3 {[%clk 01:33:12]} {[%emt
00:00:04]} e5 {[%clk 01:32:31]} {[%emt 00:00:05]} 7. Nf3 {[%clk 01:33:38]}
{[%emt 00:00:02]} Be7 {[%clk 01:29:50]} {[%emt 00:03:11]} 8. g4 {[%clk
01:32:50]} {[%emt 00:01:18]} h6 {[%clk 01:26:48]} {[%emt 00:03:33]} 9. Rg1
{[%clk 01:33:15]} {[%emt 00:00:04]} b5 {[%clk 01:22:29]} {[%emt 00:04:50]} 10.
g5 {[%clk 01:26:32]} {[%emt 00:07:12]} hxg5 {[%clk 01:21:57]} {[%emt 00:01:02]}
11. Nxg5 {[%clk 01:27:24]} {[%emt 00:00:06]} Bb7 {[%clk 01:15:31]} {[%emt
00:07:28]} 12. Qf3 {[%clk 01:18:58]} {[%emt 00:08:56]} Nc6 {[%clk 00:54:17]}
{[%emt 00:21:43]} 13. Be3 {[%clk 01:07:40]} {[%emt 00:11:48]} Qa5 {[%clk
00:51:28]} {[%emt 00:03:20]} 14. O-O-O {[%clk 00:49:08]} {[%emt 00:19:02]} Rc8
{[%clk 00:45:42]} {[%emt 00:06:15]} 15. Kb1 {[%clk 00:43:18]} {[%emt 00:06:20]}
Nb4 {[%clk 00:23:31]} {[%emt 00:22:42]} 16. a3 {[%clk 00:34:55]} {[%emt
00:08:52]} Rxc3 {[%clk 00:18:10]} {[%emt 00:05:52]} 17. bxc3 {[%clk 00:32:42]}
{[%emt 00:02:43]} Nc6 {[%clk 00:13:44]} {[%emt 00:04:57]} 18. Bc1 {[%clk
00:26:10]} {[%emt 00:07:02]} Qa4 {[%clk 00:12:03]} {[%emt 00:02:11]} 19. Qg3
{[%clk 00:21:26]} {[%emt 00:05:14]} Na5 {[%clk 00:10:46]} {[%emt 00:01:48]} 20.
Bb2 {[%clk 00:16:13]} {[%emt 00:05:42]} Nc4 {[%clk 00:08:25]} {[%emt 00:02:50]}
21. Bxc4 {[%clk 00:15:23]} {[%emt 00:01:20]} Qxc4 {[%clk 00:08:00]} {[%emt
00:00:55]} 22. f4 {[%clk 00:14:07]} {[%emt 00:01:47]} Nh5 {[%clk 00:07:32]}
{[%emt 00:00:58]} 23. Qf2 {[%clk 00:05:33]} {[%emt 00:09:04]} Nxf4 {[%clk
00:07:41]} {[%emt 00:00:22]} 24. Qa7 {[%clk 00:04:49]} {[%emt 00:01:13]} Qc6
{[%clk 00:06:37]} {[%emt 00:01:34]} 25. Rdf1 {[%clk 00:03:12]} {[%emt
00:02:07]} g6 {[%clk 00:05:17]} {[%emt 00:01:50]} 26. c4 {[%clk 00:02:25]}
{[%emt 00:01:18]} f6 {[%clk 00:04:28]} {[%emt 00:01:20]} 27. cxb5 {[%clk
00:01:57]} {[%emt 00:00:57]} axb5 {[%clk 00:04:39]} {[%emt 00:00:18]} 28. Rxf4
{[%clk 00:00:55]} {[%emt 00:01:32]} exf4 {[%clk 00:04:37]} {[%emt 00:00:33]}
29. Nf3 {[%clk 00:00:53]} {[%emt 00:00:31]} Rxh3 {[%clk 00:03:19]} {[%emt
00:01:48]} 30. Nd4 {[%clk 00:00:55]} {[%emt 00:00:28]} Qxe4 {[%clk 00:03:19]}
{[%emt 00:00:31]} 31. Nxb5 {[%clk 00:01:05]} {[%emt 00:00:20]} Rh1 {[%clk
00:02:40]} {[%emt 00:01:09]} 32. Bc3 {[%clk 00:00:42]} {[%emt 00:00:52]} Qc6
{[%clk 00:01:49]} {[%emt 00:01:20]} 33. a4 {[%clk 00:00:47]} {[%emt 00:00:26]}
Kf7 {[%clk 00:01:14]} {[%emt 00:01:04]} 34. Kb2 {[%clk 00:01:04]} {[%emt
00:00:13]} Rxg1 {[%clk 00:01:07]} {[%emt 00:00:37]} 35. Qxg1 {[%clk 00:01:30]}
{[%emt 00:00:04]} Qc4 {[%clk 00:01:24]} {[%emt 00:00:14]} 36. Qb6 {[%clk
00:01:40]} {[%emt 00:00:19]} Qc6 {[%clk 00:01:09]} {[%emt 00:00:45]} 37. Qf2
{[%clk 00:02:04]} {[%emt 00:00:05]} f3 {[%clk 00:01:17]} {[%emt 00:00:23]} 38.
Qh4 {[%clk 00:02:21]} {[%emt 00:00:14]} Kg7 {[%clk 00:01:33]} {[%emt 00:00:14]}
39. Bd2 {[%clk 00:02:04]} {[%emt 00:00:47]} g5 {[%clk 00:01:40]} {[%emt
00:00:22]} 40. Qf2 {[%clk 00:01:37]} {[%emt 00:00:56]} Qd5 {[%clk 00:01:03]}
{[%emt 00:01:08]} 41. Bc3 {[%clk 00:28:35]} {[%emt 00:03:32]} Bc6 {[%clk
00:26:51]} {[%emt 00:04:43]} 42. Qe3 {[%clk 00:27:08]} {[%emt 00:01:57]} Kf7
{[%clk 00:25:35]} {[%emt 00:01:47]} 43. Nd4 {[%clk 00:22:55]} {[%emt 00:04:42]}
Qe4 {[%clk 00:23:05]} {[%emt 00:02:59]} 44. Qf2 {[%clk 00:22:09]} {[%emt
00:01:18]} Bd5 {[%clk 00:19:46]} {[%emt 00:03:49]} 45. Qh2 {[%clk 00:21:04]}
{[%emt 00:01:34]} Qh4 {[%clk 00:14:46]} {[%emt 00:05:29]} 46. Qd2 {[%clk
00:14:25]} {[%emt 00:07:10]} f2 {[%clk 00:10:49]} {[%emt 00:04:27]} 47. Nf5
{[%clk 00:14:37]} {[%emt 00:00:19]} Bc4 {[%clk 00:03:24]} {[%emt 00:07:55]} 48.
Nxh4 {[%clk 00:12:26]} {[%emt 00:02:40]} f1=Q {[%clk 00:03:43]} {[%emt
00:00:11]} 49. Ng2 {[%clk 00:12:42]} {[%emt 00:00:15]} Qe2 {[%clk 00:03:24]}
{[%emt 00:00:49]} 50. Qd4 {[%clk 00:12:38]} {[%emt 00:00:34]} Be6 {[%clk
00:03:29]} {[%emt 00:00:25]} 51. Ne3 {[%clk 00:12:51]} {[%emt 00:00:17]} g4
{[%clk 00:03:15]} {[%emt 00:00:45]} 52. Nd5 {[%clk 00:12:22]} {[%emt 00:00:59]}
Bf5 {[%clk 00:02:09]} {[%emt 00:01:36]} 53. Nxe7 {[%clk 00:05:39]} {[%emt
00:07:13]} Qxe7 {[%clk 00:02:35]} {[%emt 00:00:05]} 54. a5 {[%clk 00:04:51]}
{[%emt 00:01:18]} g3 {[%clk 00:02:33]} {[%emt 00:00:31]} 55. a6 {[%clk
00:05:06]} {[%emt 00:00:16]} Kg6 {[%clk 00:01:19]} {[%emt 00:01:43]} 56. Qg1
{[%clk 00:04:43]} {[%emt 00:00:52]} Qe2 {[%clk 00:01:11]} {[%emt 00:00:40]} 57.
Qxg3+ {[%clk 00:04:45]} {[%emt 00:00:28]} Kf7 {[%clk 00:01:38]} {[%emt
00:00:03]} 58. a7 {[%clk 00:04:53]} {[%emt 00:00:23]} Qxc2+ {[%clk 00:02:03]}
{[%emt 00:00:04]} 59. Ka3 {[%clk 00:05:14]} {[%emt 00:00:09]} Be6 {[%clk
00:02:10]} {[%emt 00:00:24]} 60. Bxf6 {[%clk 00:03:36]} {[%emt 00:02:08]} Qa2+
{[%clk 00:01:59]} {[%emt 00:00:42]} 61. Kb4 {[%clk 00:03:59]} {[%emt 00:00:07]}
Qc4+ {[%clk 00:02:21]} {[%emt 00:00:08]} 62. Ka3 {[%clk 00:03:35]} {[%emt
00:00:54]} Qc1+ {[%clk 00:01:57]} {[%emt 00:00:53]} 63. Kb4 {[%clk 00:03:05]}
{[%emt 00:01:01]} Qc5+ {[%clk 00:02:03]} {[%emt 00:00:25]} 64. Ka4 {[%clk
00:03:10]} {[%emt 00:00:25]} Qxa7+ {[%clk 00:02:31]} {[%emt 00:00:01]} 65. Kb4
{[%clk 00:03:09]} {[%emt 00:00:30]} Qc5+ {[%clk 00:02:51]} {[%emt 00:00:10]}
66. Ka4 {[%clk 00:03:34]} {[%emt 00:00:06]} Qc4+ {[%clk 00:02:22]} {[%emt
00:00:58]} 67. Ka5 {[%clk 00:03:04]} {[%emt 00:01:00]} Qd5+ {[%clk 00:02:32]}
{[%emt 00:00:20]} 68. Kb6 {[%clk 00:03:08]} {[%emt 00:00:28]} Qc5+ {[%clk
00:02:31]} {[%emt 00:00:30]} 69. Kb7 {[%clk 00:03:10]} {[%emt 00:00:28]} Kxf6
{[%clk 00:02:25]} {[%emt 00:00:36]} 70. Qf4+ {[%clk 00:03:30]} {[%emt
00:00:09]} Bf5 {[%clk 00:02:42]} {[%emt 00:00:13]} 71. Qh4+ {[%clk 00:03:02]}
{[%emt 00:00:59]} Ke5 {[%clk 00:02:58]} {[%emt 00:00:14]} 72. Qg3+ {[%clk
00:03:22]} {[%emt 00:00:09]} Kd5 {[%clk 00:03:17]} {[%emt 00:00:12]} 73. Qg2+
{[%clk 00:03:16]} {[%emt 00:00:36]} Kc4 {[%clk 00:03:41]} {[%emt 00:00:06]} 74.
Qa2+ {[%clk 00:03:30]} {[%emt 00:00:16]} Kc3 {[%clk 00:03:56]} {[%emt
00:00:15]} 75. Kb8 {[%clk 00:02:38]} {[%emt 00:01:22]} Qc8+ {[%clk 00:03:56]}
{[%emt 00:00:29]} 76. Ka7 {[%clk 00:03:02]} {[%emt 00:00:06]} Qc7+ {[%clk
00:04:20]} {[%emt 00:00:07]} 0-1